Catálogo
 En Linea

Historia de la psicología / (Registro nro. 40085)

Detalles MARC
000 -CABECERA
campo de control de longitud fija 00607nam a2200169 a 4500
001 - NÚMERO DE CONTROL
campo de control 000040595
005 - FECHA Y HORA DE LA ÚLTIMA TRANSACCIÓN
campo de control 20201002034235.0
008 - DATOS DE LONGITUD FIJA--INFORMACIÓN GENERAL
campo de control de longitud fija 130902s2011 sp 001 0 spa d
020 ## - NÚMERO INTERNACIONAL ESTÁNDAR DEL LIBRO
Número Internacional Estándar del Libro 9788420542249
040 ## - FUENTE DE LA CATALOGACIÓN
Centro catalogador/agencia de origen DO-SdBNP
Lengua de catalogación spa
Centro/agencia transcriptor BNPHU
245 10 - MENCIÓN DE TÍTULO
Título Historia de la psicología /
Mención de responsabilidad, etc. Thomas Hardy Leahey ; traducción Aurora Suengas Goenechea ; revisión técnica María del Mar Bernal Rivas, María José Sampedro Vizcaya.
250 ## - MENCIÓN DE EDICIÓN
Mención de edición 6a. ed.
260 ## - PUBLICACIÓN, DISTRIBUCIÓN, ETC.
Lugar de publicación, distribución, etc. Madrid :
Nombre del editor, distribuidor, etc. Pearson Educación,
Fecha de publicación, distribución, etc. 2011.
300 ## - DESCRIPCIÓN FÍSICA
Extensión XVI, 493 p. :
Otras características físicas il. ;
Dimensiones 27 cm.
490 1# - MENCIÓN DE SERIE
Mención de serie Incluye índice
504 ## - NOTA DE BIBLIOGRAFÍA, ETC.
Nota de bibliografía, etc. Bibliografía: p.455-484
Existencias
Estado de retiro Estado de pérdida Restricciones de uso No para préstamo Código de colección Localización permanente Ubicación/localización actual Ubicación en estantería Fecha de adquisición Número de inventario Total de préstamos Signatura topográfica completa Código de barras Fecha visto por última vez Precio válido a partir de Tipo de ítem Koha
        Monografías: Libros y Folletos General General Orden iniciada 02.09.2013 LF1   40595-10 25.06.2020 25.06.2020 No se presta

Con tecnología Koha